000 00601nam0a22002171 4500
001 rc\4303565
005 20130416125509.7
035 _a(NLR Aleph) 008257617
090 _a8376107
_c8376107
100 _a20130416d1957 |||y0rusy50 ca
101 0 _arus
102 _aRU
105 _ay z |||||
200 1 _aО развитии электроэнергетики СССР
210 _aБ. м.
_cБ. и.
_d1957
700 1 _aВасильков
_bИ. С.
_gИван Сергеевич
801 0 _aRU
_bNLR
_gpsbo
801 1 _aRU
_bELAR
_2rusmarc
852 _aNLR
_j57-7/1590
942 _cBOOK
980 _aNB